| 000 | 01041cam a22003133a 4500 | ||
|---|---|---|---|
| 001 | 2898 | ||
| 003 | PGUSA | ||
| 005 | 20140828083023.0 | ||
| 008 | 011101s2001||||xxu|||||s|||||000 | eng d | ||
| 040 |
_aPGUSA _beng |
||
| 042 | _adc | ||
| 050 | 4 | _aF206 | |
| 050 | 4 | _aE151 | |
| 100 | 1 |
_aJohnston, Mary, _d1870-1936 |
|
| 245 | 1 | 0 |
_aPioneers of the Old South : _bA Chronicle of English Colonial Beginnings _h[electronic resource] / _cMary Johnston |
| 260 |
_bProject Gutenberg, _c2001 |
||
| 506 | _aPublic domain in the USA. | ||
| 516 | _aElectronic text | ||
| 653 | _aSouthern States -- History -- Colonial period, ca. 1600-1775 | ||
| 653 | _aVirginia -- History | ||
| 653 | _aBritish Americans -- Southern States | ||
| 653 | _aFrontier and pioneer life -- Southern States | ||
| 653 | _aMaryland -- History | ||
| 653 | _aUnited States -- History -- Colonial period, ca. 1600-1775 | ||
| 700 | 1 |
_aJohnson, Allen, _d1870-1931 |
|
| 830 | 0 |
_aProject Gutenberg _v2898 |
|
| 856 | 4 | 0 | _uhttp://www.gutenberg.org/ebooks/2898 |
| 942 | _cEB | ||
| 999 |
_c232228 _d232228 |
||